000 00993nam a22003137a 4500
003 CHAP
005 20220329140058.0
008 971013s1979 r 00010 d
010 _a46661
011 _a47633
035 _a51776
040 _cCHAP
090 _aFolleto 6121
100 0 0 _aTijerina Ochoa, Jesús María.
_9113290
245 _aSoya su cultivo en la cuenca baja del Río Pánuco
260 _aMéxico, D.F. :
_bInstituto Nal. de Investigaciones Agrícolas del Golfo Norte,
_c1979
300 _a((s.p.)
_b: ilus.
490 _aDesplegable CIAGON
_v; 6
500 _aHojas desplegable
590 _aBATCH-UPD
_b10
_c20130110
_lUCH01
_h1124
590 _aBATCH-UPD
_b10
_c20130410
_lUCH01
_h0714
590 _aBATCH-UPD
_b10
_c20130914
_lUCH01
_h2032
590 _aCONVERSION
_b10
_c20130109
_lUCH01
_h1325
650 1 4 _aSoya.
_9109013
830 0 _aDesplegable CIAGON
_v; 6
_932181
901 _aBK
942 _cFOLL
949 _aFolleto 6121
_bBC
_cFOLL
_d-115692
_eTS1
_i51776
_si
999 _c46661
_d46661